00417nam a2200157Ia 4500001000500000005001700005008004100022041000800063082001600071100003500087245008400122260000900206300002800215650000800243654000800251758020260306160505.0260306t2021||||xx |||||||||||||| ||spa|| aESP a351.85bV47 aVera Novoa, Mario RicardoeAUT 0aLos reestructurados sistemas administrativos en el Perú:búltimas versiones c2021 a559 páginas :c25 cm. aGEN aCAN